Educacin̤ Financiera para niǫs

Detalles Bibliográficos
Autor principal: Nę︢z ℓlvarez, Luis
Formato: eBook
Lenguaje:español
Publicado: Mx̌ico D.F. : Instituto Mexicano de Contadores Pb︢licos, 2010
Materias:
Acceso en línea:http://www.vlex.com/source/7063

MARC

LEADER 00000nam a22000007a 4500
005 20130225165058.0
007 cr|||| ||||
008 130225e2010 mx |||||s|||| 00||0 spa d
020 |a 978-607-7620-471 
035 |a 7064 
040 |a vLex 
090 |c 3752  |d 3752 
100 1 0 |a Nę︢z ℓlvarez, Luis  
245 1 0 |a Educacin̤ Financiera para niǫs  |h [Recurso electrn̤ico] 
256 |a Servicio en ln̕ea 
260 |a Mx̌ico D.F. :  |b Instituto Mexicano de Contadores Pb︢licos,   |c 2010 
300 |a 1 Recurso electrn̤ico 
650 0 4 |a Empresa  |z Mx̌ico  
650 0 4 |a Administracin̤ (Management)  |z Mx̌ico 
650 0 4 |a Contabilidad  |z Mx̌ico 
740 |a vLex 
856 |a Acceso restringido  |u http://www.vlex.com/source/7063 
942 |c BOOK 
999 0 |a Enterprise